[Event "FRA-chT U18"]
[Site "France"]
[Date "1996.??.??"]
[Round "?"]
[White "Hattu, Alexis"]
[Black "Barone, Laurent"]
[Result "1-0"]
[WhiteElo "2210"]
[BlackElo "1730"]
[PlyCount "51"]
[EventDate "1996.??.??"]
[EventType "team-tourn"]
[EventRounds "11"]
[EventCountry "FRA"]
[SourceTitle "EXT 2004"]
[Source "ChessBase"]
[SourceDate "2003.11.25"]
[SourceVersion "1"]
[SourceVersionDate "2003.11.25"]
[SourceQuality "1"]

1. d4 Nf6 2. c4 e5 3. dxe5 Ng4 4. Bf4 Nc6 5. Nf3 Bb4+ 6. Nbd2 Qe7 7. e3 Ngxe5 8. Nxe5 Nxe5 9. Be2 a6 10. 0-0 0-0 11. Nb3 d6 12. a3 Bc5 13. Nxc5 dxc5 14. Qd5 Re8 15. Rfd1 Kf8 16. b4 cxb4 17. axb4 Rb8 18. b5 Ng6 19. Bg3 Be6 20. Qh5 axb5 21. cxb5 Rbc8 22. b6 Red8 23. bxc7 Rd7 24. Rxd7 Bxd7 25. Bf3 b5 26. Rd1 1-0